00474cam a2200157 a 4500020002100000020002400021040000800045082002600053100001900079245007800098260003600176300001300212490003500225650002100260650003500281 a0713164395 (pbk) a9780713164398 (pbk) cUKM a808 EDW 1985 A093 Or.1 aGannon, Peter.10aAssessing writing :bprinciples and practice of marking written English / aLondon :bEdward Arnold,c1985. a[112] p.1 aExplorations in language study 0aEnglish language 0aGrading and marking (Students)